000 00657ngm a2200289 a 4500
003 OSt
005 20251020182703.0
008 240217s9999 xx 000 0 und d
040 _aPE SENCICO BE
040 _cPE SENCICO BE
041 _aspa
082 _aP019
245 0 _aAccesorios y componentes eléctricos /
245 0 _cTICINO DEL PERU
260 _aLima
260 _bTICINO DEL PERU
260 _c1998
300 _a1 VIDEO
300 _bson., Col.
300 _c2:04'
490 _aELECTRICIDAD
511 _aVargas, Fernando
650 _aINSTALACIONES ELECTRICAS
651 _aPERÚ
910 _aila.
942 _cVID
_2ddc
999 _c4867
_d4867